000 00327nam a2200145Ia 4500
008 150301s2013 xx 000 0 und d
082 _a618.92
_bP13G
100 _aGUPTA, PIYUSH
245 _aTB. OF PEDIATRICS
250 _a1ST
260 _bCBS
_aDELHI
_c2013
300 _a636
650 _aPEDIATRICS
942 _2ddc
_cBK
_017
999 _c6661
_d6661